اللغة في الثقافة والمجتمع مع تصور مبدئى لمشروع أطلس اللهجات الاجتماعية في مصر / (رقم التسجيلة. 108039)

تفاصيل مارك
000 -LEADER
fixed length control field 00628nam a22001817a 4500
005 - DATE AND TIME OF LATEST TRANSACTION
control field 20251108173616.0
008 - FIXED-LENGTH DATA ELEMENTS--GENERAL INFORMATION
fixed length control field 250721s2006 xx 000 0 ara d
082 14 - DEWEY DECIMAL CLASSIFICATION NUMBER
Classification number 417.962/زيد
100 1# - MAIN ENTRY--PERSONAL NAME
Personal name أبو زيد، محمود
245 10 - TITLE STATEMENT
Title اللغة في الثقافة والمجتمع مع تصور مبدئى لمشروع أطلس اللهجات الاجتماعية في مصر /
264 1# - PRODUCTION, PUBLICATION, DISTRIBUTION, MANUFACTURE, AND COPYRIGHT NOTICE
Place of production, publication, distribution, manufacture القاهرة :
Name of producer, publisher, distributor, manufacturer دار غريب للطباعة والنشر،
Date of production, publication, distribution, manufacture, or copyright notice 2006.
300 ## - PHYSICAL DESCRIPTION
Extent 319ص.
650 17 - SUBJECT ADDED ENTRY--TOPICAL TERM
Topical term or geographic name as entry element اللغه العربيه
650 17 - SUBJECT ADDED ENTRY--TOPICAL TERM
Topical term or geographic name as entry element مصر
650 17 - SUBJECT ADDED ENTRY--TOPICAL TERM
Topical term or geographic name as entry element اللهجات
942 ## - ADDED ENTRY ELEMENTS (KOHA)
Source of classification or shelving scheme Dewey Decimal Classification
Koha item type كتب
المقتنيات
حالة السحب حالة الفقدان مصدر التصنيف حالة التلف غير قابل للإعارة المكتبة الرئيسية المكتبة الحالية موقع الرف تاريخ التزويد الرقم المتسلسل Total Checkouts رقم الإستدعاء الباركود تاريخ آخر ظهور تاريخ الفاتورة نوع المادة (كوها)
    Dewey Decimal Classification     مكتبةمؤتة مكتبةمؤتة الإعارة 28/07/2025 1428592   417.962/زيد PLD00198326 28/07/2025 28/07/2025 كتب
Implemented & Customized by: BBB with SCIT (Smart Chains for Information Technology)

Powered by Koha